000
00294nam a2200109Ia 4500
008
230907s9999||||xx |||||||||||||| ||und||
082
_a
621.319,ELE
245
0
_a
Electrical transmission systems and smart grids :
260
_a
Springer,
_b
New York :
_c
2013
300
_a
vi, 324P.:
942
_c
BK
999
_c
597680
_d
597680